| 000 | 00373nam a2200157Ia 4500 | ||
|---|---|---|---|
| 008 | 230524s9999 xx 000 0 und d | ||
| 082 |
_a537 _bCHA |
||
| 100 | _aPrantosh Chakraborty | ||
| 245 | 0 | _aElectricity And Magnetism | |
| 250 | _a5TH | ||
| 260 |
_aCALCUTTA _bNew Age _c2002 |
||
| 300 | _aXVI;452 | ||
| 500 | _aQuantity Number: 3 | ||
| 650 | _aPhysics | ||
| 942 | _cBK | ||
| 999 |
_c8859 _d8859 |
||